[Event "SVK-chT3A2 2223"]
[Site "Slovakia"]
[Date "2022.12.18"]
[Round "4.1"]
[White "Skreno, Vladimir"]
[Black "Musaev, Matej Elbek"]
[Result "1-0"]
[WhiteElo "2068"]
[BlackElo "2045"]
[PlyCount "63"]
[EventDate "2022.10.16"]
[EventType "team-tourn"]
[EventRounds "9"]
[EventCountry "SVK"]
[SourceTitle "EXT 2024"]
[Source "ChessBase"]
[SourceDate "2023.10.10"]
[SourceVersion "1"]
[SourceVersionDate "2023.10.10"]
[SourceQuality "1"]
[WhiteTeam "Hlohovec"]
[BlackTeam "Piestany Kupele II"]
[WhiteTeamCountry "SVK"]
[BlackTeamCountry "SVK"]

1. d4 d6 2. Nf3 g6 3. c4 Bg7 4. Nc3 Nc6 5. h3 e5 6. d5 Nce7 7. e4 h6 8. Bd3 f5 9. Qc2 Nf6 10. b4 0-0 11. a4 g5 12. Nd2 fxe4 13. Ndxe4 Nf5 14. Ra3 Nd4 15. Qd1 c6 16. Nxf6+ Qxf6 17. Ne4 Qf7 18. Be3 Nf5 19. Be2 cxd5 20. cxd5 Nxe3 21. Rxe3 Qc7 22. 0-0 Bf5 23. a5 Rac8 24. Bg4 Bxg4 25. Qxg4 Rce8 26. Rc3 Qe7 27. g3 Rd8 28. Rfc1 Rd7 29. b5 Qf7 30. b6 axb6 31. axb6 Rfd8 32. Rc7 1-0

[Event "SVK-chT3A2 2122"]
[Site "Slovakia"]
[Date "2021.11.07"]
[Round "3.2"]
[White "Musaev, Matej Elbek"]
[Black "Sefcik, Marek"]
[Result "1/2-1/2"]
[WhiteElo "1859"]
[BlackElo "2012"]
[PlyCount "77"]
[EventDate "2021.10.10"]
[EventType "team-tourn"]
[EventRounds "11"]
[EventCountry "SVK"]
[SourceTitle "EXT 2023"]
[Source "ChessBase"]
[SourceDate "2022.10.05"]
[SourceVersion "1"]
[SourceVersionDate "2022.10.05"]
[SourceQuality "1"]
[WhiteTeam "Piestany Kupele II"]
[BlackTeam "Holic"]
[WhiteTeamCountry "SVK"]
[BlackTeamCountry "SVK"]

1. e4 c5 2. Nf3 e6 3. c4 d6 4. Nc3 a6 5. d4 cxd4 6. Nxd4 Be7 7. Be2 Nf6 8. 0-0 0-0 9. Be3 Qc7 10. f4 Nc6 11. Rc1 Bd7 12. g4 Nxd4 13. Bxd4 Bc6 14. Bd3 Nd7 15. g5 e5 16. Be3 exf4 17. Bxf4 Ne5 18. Be3 Qd7 19. Be2 Qh3 20. Bf4 h6 21. gxh6 g5 22. Bxe5 dxe5 23. Qd3 Qxh6 24. Nd5 Bc5+ 25. Kh1 f5 26. Rxf5 Rxf5 27. exf5 Rd8 28. Rf1 Bd4 29. Bf3 Kf7 30. b3 Qh3 31. Qe2 Rh8 32. Qg2 Qxg2+ 33. Kxg2 Rh4 34. Re1 b6 35. Re4 Rxe4 36. Bxe4 Bxd5 37. cxd5 Bc5 38. Kg3 Kf6 39. Kg4 1/2-1/2

[Event "SVK-ch U14"]
[Site "Stara Lubovna"]
[Date "2021.06.30"]
[Round "6"]
[White "Elias, David"]
[Black "Musaev, Matej Elbek"]
[Result "1-0"]
[WhiteElo "1877"]
[BlackElo "1818"]
[PlyCount "65"]
[EventDate "2021.06.26"]
[EventType "swiss"]
[EventRounds "9"]
[EventCountry "SVK"]
[SourceTitle "CBM 203 Extra"]
[Source "ChessBase"]
[SourceDate "2021.09.30"]
[SourceVersion "1"]
[SourceVersionDate "2021.09.30"]
[SourceQuality "1"]

1. d4 d6 2. c4 g6 3. e4 Bg7 4. Nf3 Nc6 5. h3 e5 6. d5 Nce7 7. Nc3 h6 8. g4 Nf6 9. Be2 a6 10. Be3 Bd7 11. Nd2 g5 12. c5 b5 13. cxb6 cxb6 14. Nc4 Nc8 15. a4 Rb8 16. Na3 0-0 17. Bxa6 Ra8 18. Bb5 Bxb5 19. Naxb5 Nd7 20. Ke2 Nb8 21. b4 Qd7 22. Qb3 h5 23. f3 f6 24. Na3 h4 25. Nc4 Qb7 26. a5 b5 27. Na3 Qa6 28. Ncxb5 Na7 29. Qd3 Nxb5 30. Qxb5 Qxb5+ 31. Nxb5 Na6 32. Rab1 Rfb8 33. Bb6 1-0

[Event "SVK-chT2A 1920"]
[Site "Slovakia"]
[Date "2020.02.16"]
[Round "9.7"]
[White "Walterova, Ema"]
[Black "Musaev, Matej Elbek"]
[Result "0-1"]
[WhiteElo "1796"]
[BlackElo "1748"]
[PlyCount "156"]
[EventDate "2019.10.26"]
[EventType "team-tourn"]
[EventRounds "11"]
[EventCountry "SVK"]
[SourceTitle "CBM 195 Extra"]
[Source "ChessBase"]
[SourceDate "2020.05.31"]
[SourceVersion "1"]
[SourceVersionDate "2020.05.31"]
[SourceQuality "1"]
[WhiteTeam "Senec"]
[BlackTeam "Piestany Kupele"]
[WhiteTeamCountry "SVK"]
[BlackTeamCountry "SVK"]

1. e4 c5 2. c3 Nf6 3. e5 Nd5 4. d4 cxd4 5. cxd4 e6 6. Nf3 d6 7. Nc3 Nc6 8. Nxd5 exd5 9. Be2 Be7 10. 0-0 0-0 11. Bf4 Bf5 12. Rc1 dxe5 13. dxe5 d4 14. Bd3 Bxd3 15. Qxd3 Qb6 16. Qb1 Rfd8 17. Rfd1 Qb5 18. Rd3 Qd5 19. Rcd1 Qe4 20. Bg3 Rd7 21. a3 Rad8 22. Qc2 Rd5 23. Re1 Qf5 24. Qe2 Kh8 25. Red1 a5 26. Qc2 Bc5 27. Qb3 Qd7 28. Ng5 h6 29. Nf3 Ba7 30. Qc2 Nb8 31. Nd2 Rc8 32. Qb1 Na6 33. Ne4 Nc5 34. Nxc5 Rcxc5 35. f4 Qf5 36. Kh1 Rc4 37. h3 Qe4 38. Re1 Qf5 39. b3 Rc6 40. Red1 Rd7 41. b4 axb4 42. Qxb4 Rc8 43. Qd2 Rcd8 44. Bf2 Rd5 45. Bg1 Qd7 46. Qb2 b5 47. Bf2 Bc5 48. Qd2 Qa7 49. Qb2 Qa4 50. Qb3 Qc4 51. Bg1 Ra8 52. Qb2 Ra4 53. R1d2 Rd7 54. Kh2 Bb6 55. Rd1 Qd5 56. Qb3 Rc4 57. Kh1 Qc6 58. R1d2 Ba5 59. Rf2 Rc3 60. Qd1 Rd5 61. Rfd2 Rc1 62. Qe2 Bxd2 63. Qxd2 Qc2 64. Qxc2 Rxc2 65. Rxd4 Rxd4 66. Bxd4 Rc4 67. Bb2 Rxf4 68. Kh2 Kh7 69. Bc3 Rc4 70. Bb4 Kg6 71. Bd6 Kf5 72. Kg3 g6 73. Kf3 Rc3+ 74. Kf2 Ke6 75. g3 h5 76. g4 Rxh3 77. gxh5 Rxh5 78. Kg3 Rxe5 0-1

[Event "EU-ch U12"]
[Site "Bratislava"]
[Date "2019.08.04"]
[Round "3"]
[White "Musaev, Matej Elbek"]
[Black "Labruyere, Roger"]
[Result "0-1"]
[WhiteElo "1693"]
[BlackElo "1909"]
[PlyCount "94"]
[EventDate "2019.08.02"]
[EventType "swiss"]
[EventRounds "9"]
[EventCountry "SVK"]
[SourceTitle "EXT 2020"]
[Source "ChessBase"]
[SourceDate "2019.10.17"]
[SourceVersion "1"]
[SourceVersionDate "2019.10.17"]
[SourceQuality "1"]

1. e4 c5 2. Nf3 d6 3. d4 cxd4 4. Nxd4 Nf6 5. Nc3 a6 6. f3 e5 7. Nb3 h5 8. Be3 Be6 9. Qd2 Nbd7 10. Be2 g6 11. 0-0 Qc7 12. Kh1 Rd8 13. f4 Ng4 14. Bxg4 hxg4 15. Nd5 Bxd5 16. exd5 f5 17. Rae1 Nf6 18. Kg1 Ne4 19. Qe2 Qh7 20. g3 Nxg3 21. Qg2 Nxf1 22. Rxf1 Qh3 23. Re1 Qxg2+ 24. Kxg2 Bg7 25. c3 Kf7 26. Na5 Rd7 27. Nc4 Re8 28. fxe5 Bxe5 29. Bg1 b5 30. Na5 Bf4 31. Rxe8 Kxe8 32. Nc6 Bc1 33. b3 Rh7 34. Nd4 Bb2 35. Ne2 Re7 36. Kf1 g5 37. Bd4 b4 38. cxb4 Bxd4 39. Nxd4 Re4 40. Nc6 f4 41. Nb8 Rxb4 42. Nxa6 Rb7 43. b4 Kd7 44. a4 Ra7 45. b5 Kc8 46. a5 Kb7 47. Kf2 Rxa6 0-1